Lo stato e la Chiesa in Italia (Record no. 183442)

MARC details
000 -LEADER
campo de control de longitud fija 01629nam a2200265 i 4500
001 - NÚMERO DE CONTROL
campo de control 183442
003 - IDENTIFICADOR DE NÚMERO DE CONTROL
campo de control ES-MaACL
005 - FECHA Y HORA DE LA ÚLTIMA TRANSACCIÓN
campo de control 20250807122729.0
008 - DATOS DE LONGITUD FIJA--INFORMACIÓN GENERAL
campo de control de longitud fija 140422s1892 it |||| | ita d
100 1# - ENTRADA PRINCIPAL--NOMBRE DE PERSONA
Nombre de persona Brunialti, Attilio.
9 (RLIN) 32183
245 13 - MENCIÓN DEL TÍTULO
Título Lo stato e la Chiesa in Italia
Resto del título : prefazione /
Mención de responsabilidad, etc. A. Brunialti. La chiesa e lo stato dopo la Rivoluzione francese / F. Laurent. La Chiesa e lo stato nella Costituzione belga / Alberto Nyssens. Chiesa e Stato negli Stati Uniti, ovvero l'idea americana della libertà religiosa ed i suoi effetti pratici / Filippo Schaff . Stato e Chiesa / W. C. Knitschky. Esposizione generale delle relazioni fra lo Stato e la Chiesa / Hinschius. Chiesa e Stato considerati giuridicamente / Lodovico de Hammerstein . La libertà di coscienza / G. Simon.
260 ## - PUBLICACIÓN, DISTRIBUCIÓN, ETC.
Lugar de publicación, distribución, etc. Torino :
Nombre del editor, distribuidor, etc. Unione Tipografico-Editrice,
Fecha de publicación, distribución, etc. 1892.
300 ## - DESCRIPCIÓN FÍSICA
Extensión CCCXXX, 1391 p. ;
Dimensiones 24 cm.
490 1# - MENCIÓN DE SERIE
Mención de serie Biblioteca di scienze politiche: scelta collezione delle più importanti opere moderne italiane e straniere dei scienze politiche / diretta de Attilio Brunialti ;
Designación de volumen o secuencia 8
700 1# - ENTRADA AGREGADA--NOMBRE PERSONAL
Nombre de persona Laurent, François,
Fechas asociadas al nombre 1810-1887
9 (RLIN) 128741
700 1# - ENTRADA AGREGADA--NOMBRE PERSONAL
Nombre de persona Nyssens, Albert.
9 (RLIN) 154769
700 1# - ENTRADA AGREGADA--NOMBRE PERSONAL
Nombre de persona Schäff, Philipp.
9 (RLIN) 154770
700 1# - ENTRADA AGREGADA--NOMBRE PERSONAL
Nombre de persona Knitschky, W. C.
9 (RLIN) 154771
700 1# - ENTRADA AGREGADA--NOMBRE PERSONAL
Nombre de persona Hinschius, Paul.
9 (RLIN) 154772
700 1# - ENTRADA AGREGADA--NOMBRE PERSONAL
Nombre de persona Hammerstein, Ludwing de.
9 (RLIN) 154773
700 1# - ENTRADA AGREGADA--NOMBRE PERSONAL
Nombre de persona Simon, G.
9 (RLIN) 154774
830 0# - PUNTO DE ACCESO ADICIONAL DE SERIE-TÍTULO UNIFORME
Título uniforme Biblioteca di scienze politiche: scelta collezione delle più importanti opere moderne italiane e straniere dei scienze politiche / diretta de Attilio Brunialti ;
Designación de volumen o secuencia 8
9 (RLIN) 224984
852 ## - LOCALIZACIÓN
Ubicación ES-MaACL
Número de control de estantería B-9322
Holdings
Estatus retirado Estado de pérdida Estado de daño No para préstamo Colección Biblioteca de origen Biblioteca actual Ubicación en estantería Fecha de adquisición Fuente de adquisición Total de préstamos Signatura topográfica completa Código de barras Visto por última vez Precio de reemplazo Tipo de ítem Koha
        Libros del s. XIX Biblioteca del Ateneo de Madrid Biblioteca del Ateneo de Madrid Sala Pardo Bazán 22/04/2014     B-9322 1192809 23/02/2023 23/02/2023 Libro impreso antiguo